KOHA-Header-6

Supply Chain Management: Strategy, Planning, and Operation (Record no. 14075)

000 -LEADER
fixed length control field 00353nam a22001337a 4500
020 ## - INTERNATIONAL STANDARD BOOK NUMBER
ISBN 9789353065966
082 ## - DEWEY DECIMAL CLASSIFICATION NUMBER
Classification number 658.7
100 ## - MAIN ENTRY--AUTHOR NAME
Personal name Sunil Chopra and Dharam Vir Karla
245 ## - TITLE STATEMENT
Title Supply Chain Management: Strategy, Planning, and Operation
250 ## - EDITION STATEMENT
Edition statement 7th Edition
260 ## - PUBLICATION, DISTRIBUTION, ETC. (IMPRINT)
Place of publication India
Name of publisher Pearson Education
Year of publication 2018
300 ## - PHYSICAL DESCRIPTION
Number of Pages 562 pages
942 ## - ADDED ENTRY ELEMENTS (KOHA)
Koha item type Books
Holdings
Withdrawn status Lost status Collection code Permanent Location Current Location Shelving location Date acquired Full call number Accession Number Koha item type
    Management MAJU MAJU Shelf No.A-6 2025-09-05 658.7 11143 Books

Powered by Koha